|
|
|
|
| LEADER |
00739cam a2200217 7i4500 |
| 001 |
0000041538 |
| 005 |
20170329090000.0 |
| 020 |
|
|
|a 1133943365 (hbk.)
|
| 020 |
|
|
|a 9781133943365 (hbk.)
|
| 090 |
0 |
0 |
|a HQ21
|b .C76 2014
|
| 100 |
1 |
|
|a Crooks, Robert
|
| 245 |
1 |
0 |
|a Our sexuality
|c Robert Crooks, Karla Baur.
|
| 250 |
|
|
|a 12th ed.
|
| 260 |
|
|
|a Australia:
|b Wadsworth Cengage Learning,
|c 2014.
|
| 300 |
|
|
|a xxxvii, 562 p.:
|b col. ill.;
|c 28 cm.
|
| 650 |
0 |
0 |
|a Sex customs --
|z United States
|
| 650 |
0 |
0 |
|a Sex
|
| 700 |
1 |
|
|a Baur, Karla
|
| 997 |
|
|
|a Education & Social Sciences, Faculty
|b Social Sciences, Department
|
| 998 |
|
|
|a Industrial Psychology, Degree
|
| 999 |
|
|
|a 0000056101
|b BOK
|c CLOSED ACCESS COLLECTION
|e Circulation Counter, Bestari Jaya
|